Arctic Monkeys Lyrics - The Jeweller's Hands - Statistics

General Stats
  • This quiz has been taken 75 times
  • The average score is 243 of 359
Answer Stats
Lyrics % Correct
a
100%
I
100%
the
97%
The
97%
you
97%
You
97%
hands
94%
jeweller's
94%
in
92%
In
92%
to
92%
your
92%
but
89%
But
89%
I'm
89%
it
89%
it's
89%
of
89%
no
86%
what
86%
yours
86%
know
83%
like
83%
sinking
83%
that
83%
That
83%
and
81%
And
81%
be
81%
get
81%
he
81%
He
81%
one
81%
stone
81%
thought
81%
you're
81%
all
78%
cards
78%
hold
78%
house
78%
wonder
78%
At
75%
fault
75%
then
75%
wake
75%
impressed
72%
never
72%
pioneers
72%
you'd
72%
foot
69%
obsessed
69%
one's
69%
ready
69%
stranger
69%
teach
69%
would
69%
again
67%
don't
67%
irritate
67%
learn
67%
me
67%
once
67%
As
64%
Fiendish
64%
If
64%
lesson
64%
listening,
64%
now
64%
There's
64%
Was
64%
was
64%
drowned
61%
his
58%
procession
58%
things
58%
wolves
58%
afraid
56%
caresses
56%
knows
56%
you've
56%
bubble
53%
carnival's
53%
imagination
53%
mirror
53%
seek
53%
softly,
53%
Tread
53%
deviate,
50%
here
50%
night
50%
police
50%
snow
50%
think
50%
until
50%
danger
47%
excitement
47%
has
47%
off
47%
those
47%
assassin
44%
became
44%
blowers
44%
exit
44%
laughter's
44%
return
44%
distracts
42%
ferry
42%
Handsome
42%
showed
42%
toward
42%
Watching
42%
calibrate
39%
can't
39%
faceless
39%
falling
39%
they're
39%
after
36%
moonlight
36%
receded
36%
Shortly
36%
thrilling,
36%
Without
33%
Dull
31%
leads
31%
Let's
31%
more
31%
through
31%
voice
31%
around
28%
push
28%
runs
28%
Any
25%
grinning
25%
sound
25%
makes
22%
Move
22%
other
22%
over
22%
punishing
22%
reaches
22%
such
22%
grasps
19%
ingrained
19%
last
19%
logic
19%
piece,
19%
Please
19%
corner
17%
gather
14%
quickly
14%
inevitables
11%
trance
8%
weightess,
3%
deivate,
0%
No matching quizzes found
Score Distribution
Percent of People with Each Score
Percentile by Number Answered
Your Score History
You have not taken this quiz